000 00265nam a22001217a 4500
008 181029b xxu||||| |||| 00| 0 eng d
041 _aeng
080 _a721
100 _a41
101 _aARK
245 _aThe Houses of James Means
_cEfird, J.R
942 _2udc
_cBK
999 _c51006
_d51006